[Event "ISR-ch"]
[Site "Tel Aviv"]
[Date "2002.11.29"]
[Round "5"]
[White "Tseitlin, Mark D"]
[Black "Kantsler, Boris"]
[Result "1-0"]
[WhiteElo "2472"]
[BlackElo "2486"]
[Annotator "Mikhalevski,V"]
[PlyCount "64"]
[EventDate "2002.11.24"]
[EventType "swiss"]
[EventRounds "9"]
[EventCountry "ISR"]
[SourceTitle "CBM 093"]
[Source "ChessBase"]
[SourceDate "2003.04.01"]
[SourceVersion "1"]
[SourceVersionDate "2003.04.01"]
[SourceQuality "1"]

1. e4 g6 2. d4 Bg7 3. Nc3 d6 4. Bg5 c5 $6 {A rare and a dubious move.} ({
The most popular is} 4... a6) 5. dxc5 Qa5 6. Bd2 $6 {Now it's getting less
clear.} ({Much simplier and better is} 6. Qd2 Qxc5 7. Nd5 {[%csl Rc5][%cal
Gg5e3] Creating a threat Be3 Qc6 Bb5!} Be6 {Only defense.} 8. c4 $1 (8. Be3 $5
Qc8 9. Bd4) 8... Nd7 9. Rc1 Ngf6 10. f3 a5 11. Be3 Qc8 12. Ne2 $16 {[%cal
Ge2d4,Gd4b5] with a very comfortable advantage. Keres-Westerinen,Tallinn 1973})
6... Qxc5 7. Nd5 Be6 $1 ({The b2-pawn is poisonous:} 7... Bxb2 $2 8. Rb1 $1 Bd4
(8... Bg7 9. Bb4 Qc6 $140 10. Bb5 $1 {[%csl Rc6,Re8][%cal Gd5c7]}) 9. Bb4 $1 {
[%csl Rd4]} Bxf2+ 10. Ke2 {[%csl Rf2] and Black loses the f2-B.} Bxg1 11. Bxc5
Bg4+ (11... Bxc5 12. Qd2 $18) 12. Kd2 Bxd1 13. Bxg1 {[%csl Rd1][%cal Rd5c7]
and White wins}) 8. c4 $5 (8. Be3 {Compare with the position after 6.Qd2. Next
Black's move would be impossible.} Qa5+ 9. b4 Qd8 10. Bd4 Nf6 {and Black gets
some counter chances.}) 8... Nf6 ({Now} 8... Bxb2 $5 {was risky but maybe
possible:} 9. Rb1 $1 Bd4 $1 10. Bb4 $5 ({Also interesting is} 10. Nf3 $5 Bxf2+
11. Ke2 {[%cal Gd2b4]} Bxd5 12. exd5 {[%cal Gb1b5]} a6 13. Qa4+ (13. Rxb7 $5)
13... Nd7 14. Rxb7 Ngf6 {[%csl Rf2] Black holds for a moment,but the position
remains very dangerous for him.}) 10... Bxf2+ 11. Ke2 Qd4 $1 (11... Qxc4+ 12.
Kxf2 Qxa2+ 13. Kf3 $16) 12. Nc7+ Kd7 13. Qxd4 Bxd4 14. Nxa8 Bxc4+ 15. Ke1 Bxa2
{[%csl Ra8] with 4 pawns for rook and chances to win the a8-N the positionis
very unclear.}) 9. Bd3 $6 {Probably White misses Black's idea} ({White is
still better after} 9. Bb4 $5 Qc8 (9... Qc6 10. Bc3 Nbd7 11. Nf3 {[%cal Gf3d4]}
) 10. Bc3 $1 {[%csl Rf6,Rg7]} ({Not dangerous is} 10. Nxe7 Qd7 ({Of course not
} 10... Kxe7 $4 11. Qxd6+ Ke8 12. Qe7#) 11. Nd5 Nxe4) 10... Nbd7 11. Rc1 $1 $14
) ({Doesn't work immediate} 9. Bc3 $2 {because of} Nxe4 {[%csl Rc3,Rf2]}) 9...
Ng4 $1 10. Nh3 $6 {Another dubious move.} ({With} 10. Qe2 $5 Bd4 (10... Bxb2
11. Rb1 Bd4 12. Rxb7 Bxf2+ 13. Kf1 $13) 11. Nh3 Ne5 12. f4 $1 Bg4 13. Qf1 {
White could keep the c4-pawn and maybe to gain chances for advantage.}) 10...
Ne5 $1 {[%csl Rc4,Rd3]} 11. Nhf4 $2 {A pawn sacrifice for nothing. White had
to prefer 11.Be2 allowing Bxh3} (11. Be2 Bxh3 12. gxh3 e6 {Black is slightly
better thanks to a better pawn structure.}) 11... Nxd3+ 12. Nxd3 Qxc4 {[%csl
Rd5,Re4]} 13. Qf3 (13. Qe2 Bxd5 14. exd5 Qxd5 15. O-O Nc6 $19) 13... Bxd5 {
Black decides not to take chances.} ({Even better was} 13... f5 $1 {[%csl Rd5,
Re4] and after only} 14. Rc1 {Black sacrifices an exchange getting a big
advantage at the endgame.} fxe4 15. Rxc4 exf3 16. Nc7+ Kd7 17. Rc1 fxg2 18. Rg1
Nc6 19. Nxa8 Rxa8 $17 {[%csl Ra2] with almost a decisive advantage at the
endgame.}) 14. exd5 Nd7 15. O-O Nb6 $1 {[%csl Rd5]} 16. Nf4 ({Maybe after} 16.
Nb4 {White would have more chances} a5 $1 17. Rfc1 Qb5 18. Nd3 Qxd5 19. Qe2 e6
$17) 16... Bxb2 17. Rae1 ({Or} 17. Rab1 Be5) 17... Bg7 (17... Be5 $1 $19 {
closing the e-file looked even more convincing.}) 18. h4 (18. a3 $5 {at least
keeping something.}) 18... Nd7 $5 {[%cal Gd7e5] Solid defensive move. The
knight is coming to e5.} ({It was also possible to continue collecting white
pawns with} 18... Qxa2 $5 19. Bc3 Bxc3 20. Qxc3 O-O 21. Re2 (21. Rxe7 Nxd5 22.
Nxd5 Qxd5 $19) 21... Qa4 {[%csl Rf4]}) 19. Re4 Qxa2 20. Bc3 Ne5 $19 {Black is
three pawns up. Who could believe that the game will be finished in only 12
moves with the result 1-0.} 21. Qd1 {[%cal Re4a4]} b5 $1 {[%csl Ga4] The only
threat is liquidated.} 22. Ne2 O-O $5 {Having three pawns up Black is ready to
give one back and to finish development.} (22... Bf6 $5 {[%csl Ge7]}) 23. f4
Nc4 24. Bxg7 Kxg7 25. Nd4 (25. Rxe7 Rfe8 $1 $19) 25... Rae8 $2 {Black is
losing his head. Why does he give up the b5-pawn?} (25... Nb6 $5 {[%csl Rd5]}
26. Nb3 Qb2) 26. h5 $6 {Going for mate.} ({After} 26. Nxb5 Qb2 27. Qa1 $1 {
[%csl Ra7,Rc4,Re7] White gets chances for escape.}) 26... Nb6 $1 {[%csl Rd5]}
27. h6+ $5 {The number of pawns doesn't matter any more} (27. Nb3 a5 {[%csl
Rd5][%cal Ga5a4]}) 27... Kxh6 28. f5 Qxd5 29. Qc1+ ({A quiet} 29. Qe1 $1 {
would be more unpleasant for Black. For example:} Kg7 (29... Nd7 $5) 30. fxg6
hxg6 $140 31. Nf5+ $1 Kg8 (31... gxf5 $2 32. Qg3+ Kf6 33. Qh4+ Kg6 34. Qg3+ $11
) 32. Nxe7+ Rxe7 33. Rxe7 {with some practical chances.}) 29... Kg7 30. Rh4 {
[%cal Gc1h6]} h5 31. Qg5 {Despite 5!!! extra pawns Black has to be careful.}
Rh8 32. Re1 $1 ({It's senceless to eat pawns now.} 32. Nxb5 Qe5 $1 33. Nxa7 Nd5
$19 {[%cal Ge5e3]}) 32... Kg8 $138 {and in this winning position, with some
practical chances for White, Black run out of time. What a sad final!} ({
Black had a nice winning move:} 32... e5 $1 33. Ne6+ (33. fxe6 $4 Qxg5) 33...
Rxe6 $1 34. fxe6 Qxe6 $19 {with 5 pawns for exchange.}) 1-0

[Event "Bundesliga 0203"]
[Site "Germany"]
[Date "2003.01.12"]
[Round "9.1"]
[White "Luther, Thomas"]
[Black "Hickl, Joerg"]
[Result "0-1"]
[WhiteElo "2538"]
[BlackElo "2602"]
[Annotator "Mikhalevski,V"]
[PlyCount "82"]
[EventDate "2002.10.19"]
[EventType "team-tourn"]
[EventRounds "15"]
[EventCountry "GER"]
[SourceTitle "CBM 093"]
[Source "ChessBase"]
[SourceDate "2003.04.01"]
[SourceVersion "1"]
[SourceVersionDate "2003.04.01"]
[SourceQuality "1"]
[WhiteTeam "Erfurt"]
[BlackTeam "Stuttgart"]
[WhiteTeamCountry "GER"]
[BlackTeamCountry "GER"]

1. e4 g6 2. d4 Bg7 3. Nc3 d6 4. f4 e6 {A passive line. Black is trying to get
the "hedgehog" position} ({The following moves are much more popular.} 4... c6)
(4... Nc6) (4... a6) 5. Nf3 Ne7 6. Bd3 ({Usually White starts with} 6. Be3 {
but it can transpose to 6.Bd3}) 6... O-O 7. Be3 (7. O-O {is more popular.})
7... Nd7 8. Qd2 {[%csl Rg8][%cal Ge1c1,Gh2h4,Gh4h5] White has been preparing a
long castle and then attack on the king side with h4-h5.} (8. O-O c5 9. Qd2 a6
10. Rad1 {0-1 Lozon Urena,J-Bertolin Escriche,T/Barcelona 1997/EXT 2003 (28)})
8... a6 {[%cal Gb7b5] Hickl prepares counterplay on the queen side
anticipating long castle.} (8... c5 9. O-O-O a6 10. dxc5 Nxc5 11. Bxc5 dxc5 12.
e5 {[%csl Rd6,Rf6][%cal Gc3e4] and White got a better position in 1-0 Delanoy,
A-Pezzi,F/Chartres 1990/EXT 97 (37)}) 9. O-O-O {White is not afraid of ghosts.}
b5 10. h4 $1 {[%cal Gh4h5] Launching an attack on the king side.} c5 $1 {
[%cal Gc5c4] Aswering with counterblow in the centre on attack on flank.} 11.
h5 {Seems to be the most logical. The threats of Black don't look serious.} ({
It was interesting to close Black's dark-squared bishop with} 11. dxc5 Nxc5 12.
Bxc5 dxc5 13. e5 {[%csl Rg7][%cal Gc3e4,Gd3e4]}) 11... c4 {Black takes some
space on the Queen flank.} ({Or} 11... Qa5 12. Kb1 {[%cal Gc3d5]}) 12. Be2 Nf6
{[%csl Re4][%cal Gb5b4] Creating a threat to the e4-pawn;.} 13. e5 Nfd5 ({
Of course it's very dangerous to open the h-file with} 13... Nxh5) 14. Ne4 ({
Worse is} 14. Nxd5 Nxd5 {[%cal Gc4c3]}) 14... Nxe3 15. Qxe3 Nf5 16. Qf2 {
[%cal Gg2g4]} Bb7 {[%csl Re4]} 17. Nfd2 (17. Nfg5 h6 18. hxg6 hxg5 19. Nxg5
fxg6 20. Nxe6 Qa5 21. Nxf8 Rxf8 22. Rh3 $1) (17. hxg6 Bxe4 18. Ng5 d5 19. gxf7+
Rxf7 20. Nxf7 Kxf7 21. Bf3 $1 {[%cal Gg2g4,Gf4f5]}) 17... Qb6 {[%csl Rd4]} ({
After} 17... dxe5 18. dxe5 Qd4 19. Qxd4 Nxd4 20. Bg4 {[%csl Rg7][%cal Gc2c3]
White has a slight edge.}) 18. c3 Bxe4 $1 19. Nxe4 b4 20. g4 (20. cxb4 $1 Qxb4
21. g4 Rab8 22. Rd2) 20... bxc3 21. Nxc3 Rab8 {[%csl Rb2]} 22. Rd2 (22. Bf3
dxe5 $1 23. gxf5 exd4 $36) 22... dxe5 $1 {Suddenly Black's atack turns out to
be very strong.} 23. gxf5 exd4 24. Nd1 c3 $1 25. Rc2 exf5 (25... cxb2+ $1 26.
Nxb2 (26. Kb1 Qa5 $1 {[%cal Ga5a2]} 27. Nxb2 Rxb2+ $1 28. Rxb2 Qxf5+ 29. Ka1 d3
{and Black has good chancs to win.}) 26... Rfc8 27. Rxc8+ Rxc8+ 28. Kb1 exf5
29. Bd3 $13) 26. hxg6 hxg6 (26... fxg6 $2 {loses to} 27. Bc4+ Kh8 28. Rxh7+ $1
{Standard rook sacrifices finishes the game.} Kxh7 29. Qh4+ Bh6 30. Qe7+ Kh8
31. Rh2 {[%csl Rh6][%cal Rh2h8]} cxb2+ 32. Kb1 g5 33. Be6 $1) 27. Bd3 $1 {
[%csl Rg7] Aimed against the g7-B} Rfc8 {[%cal Gc3b2]} {Prophylaxis against cb+
} 28. Kb1 a5 $1 {[%cal Ga5a4]} 29. Qf3 (29. Qh4 a4 30. Rhh2 $1 (30. Qh7+ $143
Kf8)) 29... a4 30. Re1 (30. Rhh2 {[%csl Rb2][%cal Gh2c2] Again it was better
to defend along the second rank.}) 30... Qd6 ({I don't understand why not} 
30... cxb2 $1 {[%cal Ga4a3] with the idea a3.}) 31. Nf2 (31. Ree2 $5) 31... Bh6
$5 {[%csl Rf4] Materialistic approach.} ({Again exchange on b2 looked strong} 
31... Rxb2+ $1 32. Rxb2 cxb2 {[%csl Rb1][%cal Gd6c7,Gc7c1] creating very
strong threat of Qc7.}) 32. Re5 {White prevents Bxf4} (32. Nh3 $5 {[%csl Gf4]})
32... Rxb2+ 33. Rxb2 cxb2 {[%csl Rb1][%cal Gd6c7]} 34. Bc2 (34. Qb7 $2 {
is bad in view of} Rb8 {[%cal Gh6f4]} 35. Qf3 Qc7 $1 36. Re1 Rc8 $1 {[%cal
Gc7c1]} 37. Qd1 Qxf4 $19 {[%csl Rf2][%cal Gc8c1]}) 34... Qc7 (34... Qb8 $5 {
[%cal Gc8c2]} 35. Re2 Bxf4 $17) 35. Qe2 (35. Re2 Bxf4 36. Nd3 Be3 $17) 35...
Bxf4 36. Re8+ Rxe8 ({Also good was} 36... Kg7 37. Rxc8 Qxc8 38. Nd3 Be3 {
[%cal Ga4a3]} 39. Nxb2 (39. Bxa4 $4 Qc1+ 40. Nxc1 bxc1=Q#) 39... a3 $19 {
[%csl Rb1] Four pawns vs piece and a weak king on b1 should've been enough for
a win.}) 37. Qxe8+ Kg7 38. Nd3 $2 ({It was necessary to capture the a-pawn:} 
38. Qxa4 Be3 39. Nd1 f4 40. Qb5 f3 41. a4 {[%csl Ga4] and White still has some
chances for escape.}) 38... a3 $19 {[%csl Ga3,Rb1,Gb2] Now it's over. White
doesn't have counterplay and his king is in the mating net.} 39. Qa4 {Too late.
} (39. Qa8 Bd6) 39... Qc3 (39... Bd6 $5) 40. Nxf4 $2 {White allows to trade
pieces and the g-pawn is getting unstoppable.} (40. Qa7 $5 {trying to keep as
many pieces as possible was the very last chance to continue}) 40... Qe1+ 41.
Bd1 Qe4+ (41... Qe4+ 42. Qc2 Qxf4 {[%csl Rb1][%cal Gg6g5,Gg5g4,Gg4g3] and the
g-pawn will go ll the way to g1.}) 0-1

[Event "Bundesliga 0203"]
[Site "Germany"]
[Date "2003.01.11"]
[Round "8.8"]
[White "Van den Doel, Erik"]
[Black "Rudolf, Henrik"]
[Result "1-0"]
[WhiteElo "2602"]
[BlackElo "2348"]
[Annotator "Mikhalevski,V"]
[PlyCount "38"]
[EventDate "2002.10.19"]
[EventType "team-tourn"]
[EventRounds "15"]
[EventCountry "GER"]
[SourceTitle "CBM 093"]
[Source "ChessBase"]
[SourceDate "2003.04.01"]
[SourceVersion "1"]
[SourceVersionDate "2003.04.01"]
[SourceQuality "1"]
[WhiteTeam "Porz"]
[BlackTeam "Neukoelln"]
[WhiteTeamCountry "GER"]
[BlackTeamCountry "GER"]

1. e4 g6 2. d4 Bg7 3. Nc3 d6 4. Be3 a6 5. Qd2 Nd7 ({Main alternative is} 5...
b5) 6. h4 $5 {[%cal Gh4h5]} (6. Nf3 {is the main alternative.}) 6... h6 $6 {
Very rare move, although Black had good results with it.} ({I think it's
better to stop White's h5 with} 6... h5) 7. f4 $5 $146 {[%cal Gh4h5] Already
this move is a novelty. White is trying to prove that h6 is wrong. A
positional threat h5 almost forces Black to play h5 which is in fact a loss of
tempo since h6 was just played.} ({In the preceding games White played only} 7.
O-O-O b5 8. f3 Bb7 9. Kb1 (9. d5 c5 10. dxc6 Bxc6 11. Nge2 Ngf6 12. Nd4 Bb7 {
A weird Sicilian is on the board.} 13. Kb1 h5 14. Nb3 Rc8 15. Be2 Qc7 16. a3
Ne5 {and Black got a good position in Gerstner-Schmaltz,2001}) (9. g3 $6 Ngf6
10. g4 Nb6 11. b3 h5 12. gxh5 Nxh5 13. Bg2 b4 14. Nce2 a5 15. Kb1 $13 {0-1
Isonzo,D-Chatalbashev,B/GRE 2001/EXT 2003 (39)}) 9... c6 {An interesting way
to evacuate the king to the Queen side.} 10. Nh3 Qc7 11. Nf2 Nb6 12. e5 O-O-O
13. exd6 exd6 14. Bf4 Ne7 15. Nce4 Nbd5 16. Bh2 Nf5 $15 {[%csl Re3] and strong
knights more than compensate inactive position of the b7-bishop.0-1 Bergstrom,
R-Agrest,E/Stockholm 2000/CBM 74 ext (29)}) 7... h5 {[%csl Rg4] Even fixation
of the weakness on g4 can hardly compensate a loss of tempo.} 8. Nf3 ({In case
of} 8. e5 {black can develop his knight on h6.} Nh6 {[%csl Rf5,Rg4][%cal Gh6f5,
Gh6g4]}) 8... e5 $2 {[%csl Re8] Suicide.Opening of the position while you're
undeveloped can't be good.} (8... Ngf6 {was necessary.}) 9. dxe5 dxe5 10. O-O-O
$1 {[%cal Gf3e5]} exf4 (10... Ne7 {loses to} 11. Nxe5 {[%cal Gd2d8]}) 11. Bxf4
{[%cal Gc3d5]} Ne7 12. e5 $1 {[%cal Ge5e6,Gf1c4] Black's already lost.} O-O (
12... c6 {would be the very last chance to continue the fight.} {However} 13.
Bc4 b5 14. Bb3 {with unnumerable threats. For instance} Qa5 15. Bxf7+ $1 Kxf7
16. e6+ Kxe6 $140 17. Ng5+ Kf5 18. Bd6 {with a mate in two.}) 13. e6 ({Even
simplier was} 13. Ng5 $5 {[%cal Ge5e6]} Qe8 14. e6 {[%csl Rd7,Rf7]} fxe6 15.
Nxe6 {[%csl Rc7,Rf8,Rg7]}) 13... fxe6 14. Bc4 {[%csl Re6]} Qe8 15. Bxe6+ Kh8
16. Rhe1 $1 $18 {Black's defenseless.} Nc5 ({or} 16... Nf6 17. Bb3 {[%csl Re7]
[%cal Ge1e8]} (17. Bxc7)) 17. Bxc8 Rxc8 18. Be5 $1 {[%csl Re7][%cal Gd2h6]
Exchanging last defender.} Bxe5 ({Doesn't help neither} 18... Rf7 19. Bxg7+
Rxg7 20. Qg5 {[%csl Rc5,Re7]} b6 21. Nd5 $18) ({nor} 18... Qf7 19. Qh6+ Kg8 20.
Bxg7 Qxg7 21. Qxg7+ Kxg7 22. Rxe7+) 19. Rxe5 {[%csl Rc5][%cal Gd2h6]} b6 (19...
b6 {Black resigned not waiting for} 20. Qh6+ Kg8 21. Ng5 {[%csl Rh7][%cal
Gh6h7] Equitable punishment for careless play in the opening!}) 1-0

[Event "Olympiad-23"]
[Site "Buenos Aires"]
[Date "1978.11.01"]
[Round "7"]
[White "Mestel, A Jonathan"]
[Black "Sznapik, Aleksander"]
[Result "1/2-1/2"]
[WhiteElo "2450"]
[BlackElo "2405"]
[Annotator "Milic,B"]
[PlyCount "152"]
[EventDate "1978.10.25"]
[EventType "team-swiss"]
[EventRounds "14"]
[EventCountry "ARG"]
[SourceTitle "EXT 2000"]
[Source "ChessBase"]
[SourceDate "1999.11.16"]
[SourceVersion "1"]
[SourceVersionDate "1999.11.16"]
[SourceQuality "1"]
[WhiteTeam "England"]
[BlackTeam "Poland"]
[WhiteTeamCountry "ENG"]
[BlackTeamCountry "POL"]

1. e4 g6 2. d4 Bg7 3. Nc3 a6 4. Bc4 b5 5. Bb3 Bb7 6. Nf3 e6 7. d5 Ne7 8. h4 c5
9. dxc6 Nbxc6 10. Bf4 Na5 11. Be5 f6 12. Bd6 Nxb3 13. axb3 Nc8 14. h5 Qb6 15.
Bg3 b4 16. Na4 Qc6 17. Nd2 d5 18. h6 Bf8 19. e5 Be7 20. Nf3 O-O 21. Nd4 Qd7 22.
O-O f5 23. Qd2 a5 24. Bf4 Bc6 25. Bg5 Bxa4 26. Rxa4 Nb6 27. Ra2 a4 28. bxa4
Rxa4 29. Bxe7 Qxe7 30. Rfa1 Rxa2 31. Rxa2 Nc4 32. Qe1 Re8 33. Ra6 Qc7 34. Rxe6
Rxe6 35. Nxe6 Qxe5 36. Qxe5 Nxe5 37. b3 Kf7 38. Ng5+ Ke7 39. f3 Nf7 40. Nxf7
Kxf7 {[P 3/c]} 41. Kf2 f4 $1 (41... g5 $2 42. Ke3 Kg6 43. Kd4 $18) 42. Ke2 Ke6
43. Kd3 Kd7 44. c4 bxc3 45. Kxc3 Kc6 46. Kd4 Kd6 47. b4 Kc6 48. Ke5 Kb5 49.
Kxd5 Kxb4 50. Ke5 Kc5 51. Kxf4 Kd4 52. Kg5 Ke5 53. g3 Ke6 54. Kf4 Kf6 55. Ke4
Ke6 (55... g5 $2 56. g4 Kg6 57. Ke5 $1 Kxh6 58. Kf5 $1 $18) 56. Kd4 Kd6 57. Kc4
Kc6 58. f4 Kd6 59. g4 Ke6 60. Kc3 Ke7 61. Kd4 Kf6 62. Kc5 Ke7 63. Kb5 Kf7 64.
Kc5 Ke7 65. Kd5 Kf7 66. Ke4 Ke6 67. Kf3 (67. f5+ gxf5+ 68. gxf5+ Kf6 69. Kf4
Kf7 $11) 67... Kf7 68. Kg3 Ke7 69. Kf2 Kf6 70. Ke3 Ke7 71. Kd4 Kf6 72. Kd5 Kf7
73. Kd6 Kf6 74. Kd7 Kf7 75. f5 (75. g5 Kf8 76. Ke6 Kg8 $1 $11 (76... Ke8 $4 77.
f5 gxf5 78. g6 $1 $18)) 75... gxf5 76. gxf5 Kf6 1/2-1/2

[Event "EU-ch 6th"]
[Site "Warsaw"]
[Date "2005.06.28"]
[Round "10"]
[White "Najer, Evgeniy"]
[Black "Milov, Vadim"]
[Result "0-1"]
[WhiteElo "2615"]
[BlackElo "2653"]
[Annotator "Milov,V"]
[PlyCount "74"]
[EventDate "2005.06.18"]
[EventType "swiss"]
[EventRounds "13"]
[EventCountry "POL"]
[SourceTitle "CBM 108"]
[Source "ChessBase"]
[SourceDate "2005.09.26"]
[SourceVersion "1"]
[SourceVersionDate "2005.09.26"]
[SourceQuality "1"]

1. e4 g6 2. d4 Bg7 3. Nc3 d6 4. Bg5 Nd7 5. Nf3 a6 6. a4 h6 7. Be3 e6 8. Qd2 Ne7
9. a5 g5 10. g3 (10. Bd3 Nf6 11. h3 Ng6 $132) 10... d5 11. h4 g4 12. Nh2 (12.
Ng1 f5 (12... dxe4 13. Nxe4 Nd5 14. Ne2 $14) 13. exd5 exd5 14. O-O-O (14. Nge2
Nf6 15. Nf4 Qd6 $13) 14... Nf6 15. f3 Be6 16. Bf4 gxf3 17. Nxf3 Ng6 $13) 12...
f5 $1 13. exf5 exf5 14. f3 Nf6 15. O-O-O Be6 $13 16. fxg4 (16. Bf4 gxf3 (16...
Qd7 17. Qe3 gxf3 18. Nxf3 Ne4 19. Ne5 Bxe5 20. Bxe5 Rh7 $14) 17. Nxf3 Ng6 {
-12.Ng1}) 16... fxg4 17. Bd3 (17. Bf4 Qd7 18. Re1 Bf5 19. Qe2 Ne4 20. Bg2 O-O-O
21. Nxe4 dxe4 22. c3 (22. Bxe4 Qxd4 23. c3 Qc5 $15) 22... Nd5 23. Bxe4 Nxf4 24.
gxf4 Bxe4 25. Qxe4 h5 $15) 17... Qd7 18. Rhe1 (18. Rhf1 O-O-O 19. Rf2 Qc6 $15
20. Rdf1 $140 Ne4) 18... O-O-O 19. Qe2 $6 (19. Bf4 Rde8 20. Nf1 (20. Qe2 Bf5 (
20... Nf5 21. Be5 Nd6 22. Nf1) (20... Nc6 21. Bxa6) 21. Bxa6 bxa6 22. Qxa6+ Kd8
23. Nb5 Qc6 24. Qxc6 Nxc6 25. Bxc7+ Kd7 26. Be5 Ref8 $15) 20... Nh5 (20... Nc6
21. Bg6 Bf7 22. Bxf7 Qxf7 23. Rxe8+ Qxe8 24. Ne3 $14) 21. Be5 Bxe5 22. Rxe5 Ng7
$11) 19... Nf5 20. Bf2 (20. Bxa6 Nxg3 $17) (20. Bf4 Nxd4) (20. Nf1 Rde8 $15)
20... Rde8 21. b3 (21. Qxe6 Rxe6 22. Bxf5 Rhe8 $17) 21... Kb8 (21... Qd6 $4 22.
Qxe6+ Rxe6 23. Bxf5) 22. Nf1 Qd6 $17 {׫;a5} 23. Kb2 Qb4 24. Bxf5 Bxf5 25. Qd2
Qxa5 26. Ne3 Be6 27. Qd3 Rhf8 28. Qg6 Bh8 $2 (28... Rg8 $17 29. Nf5 $140 Bh8)
29. Qxh6 Ne4 $2 (29... Qb4) 30. Nxe4 $2 $138 (30. Nexd5 Nxc3 (30... Bxd5 31.
Nxe4 Qb4 $44) (30... Nxf2 31. Ra1 Qxd5 32. Nxd5 Bxd5 33. Rxe8+ Rxe8 34. c3 {
ץh8} Bf3 35. Qg6 $16) 31. Nxc3 Rxf2 32. Rxe6 Rd8 33. Re4 c5 34. Qg5 Qc7 $44)
30... dxe4 31. Re2 c5 $40 32. Qh5 (32. Be1 Qd8 $19) 32... Rd8 33. Ng2 Rf5 34.
Qh6 cxd4 $19 35. Bxd4 Bxd4+ 36. Rxd4 Rxd4 37. Qxe6 Rf1 (37... Rf1 38. Ne1 Rd1)
0-1

[Event "Ciocaltea Memorial"]
[Site "Bucharest"]
[Date "1997.??.??"]
[Round "9"]
[White "Vajda, Levente"]
[Black "Itkis, Boris"]
[Result "1-0"]
[WhiteElo "2435"]
[BlackElo "2440"]
[Annotator "Milu,R"]
[PlyCount "61"]
[EventDate "1997.03.??"]
[EventType "tourn"]
[EventRounds "13"]
[EventCountry "ROU"]
[EventCategory "10"]
[SourceTitle "CBM 060"]
[Source "ChessBase"]
[SourceDate "1997.09.29"]
[SourceVersion "1"]
[SourceVersionDate "1997.09.29"]
[SourceQuality "1"]

1. e4 {Baburin,A} g6 2. d4 Bg7 3. Nc3 d6 4. Nge2 Nf6 5. g3 Na6 6. Bg2 c5 7. d5
O-O 8. O-O Nc7 9. a4 a6 (9... Rb8 10. Bf4 Nh5 11. Be3 b6 12. Qd2 a6 13. Rab1
Nf6 14. b4 Nd7 15. f4 b5 16. bxc5 Nxc5 17. Nd4 Bd7 18. axb5 Nxb5 19. Ncxb5 {
Giorgadze,G-Vehi Bach,V/Andorra op 1997/EXP 58/1-0 (35)}) 10. h3 Rb8 11. Rb1
Nd7 12. Bd2 b5 13. axb5 Nxb5 14. b3 $5 (14. Nxb5 axb5 $15 {Vajda,L-Itkis,B
Olanesti 1995}) 14... Qc7 15. Kh2 Nb6 $6 (15... Nxc3 16. Bxc3 Bxc3 17. Nxc3 a5
$15 {/\c4, Rb4 Itkis,B}) 16. f4 e6 17. dxe6 fxe6 18. Nxb5 axb5 19. Bc3 Bxc3 20.
Nxc3 Bd7 21. Qd2 b4 22. Nd1 Bc6 23. Ne3 Rbd8 24. f5 Qe7 {Baburin: This is too
indifferent!} 25. fxg6 hxg6 26. Ng4 e5 $2 {Baburin: The text prevents the
thematic e4-e5, but allows White to launch an immediate attack upon the king.}
(26... Nd7 $8) 27. Qh6 Qg7 {Baburin: Defending the g6-pawn with a tempo, Black
gives up control over the g5-square and weakens the d6 pawn at the same time.}
({Baburin: No better was} 27... Qe6 {Baburin,A} 28. Rf5 $1 {Baburin: and
White's attack decides.}) ({or} 27... Be8 {Baburin,A} 28. Rxf8+ Qxf8 29. Qg5
$18) 28. Qg5 Nd7 29. Rbd1 Rxf1 30. Bxf1 Rf8 31. Rxd6 1-0